Water treatment chemicals : (Record no. 1678)

000 -LEADER
fixed length control field 00403 a2200121 4500
020 ## - INTERNATIONAL STANDARD BOOK NUMBER
International Standard Book Number 0815512910
082 ## - DEWEY DECIMAL CLASSIFICATION NUMBER
Classification number 628.166 FLI
100 ## - MAIN ENTRY--PERSONAL NAME
Personal name Flick, Ernest W.
245 ## - TITLE STATEMENT
Title Water treatment chemicals :
Remainder of title an industrial guide /
Statement of responsibility, etc. by Ernest W. Flick.
260 ## - PUBLICATION, DISTRIBUTION, ETC.
Place of publication, distribution, etc. Park Ridge, N.J., U.S.A. :
Name of publisher, distributor, etc. Noyes Publications,
Date of publication, distribution, etc. 2005.
300 ## - PHYSICAL DESCRIPTION
Extent xxvii, 510 p. ;
Dimensions 25 cm.
650 ## - SUBJECT ADDED ENTRY--TOPICAL TERM
Topical term or geographic name entry element Water
General subdivision Purification
650 ## - SUBJECT ADDED ENTRY--TOPICAL TERM
Topical term or geographic name entry element Water purification chemicals industry
Holdings
Withdrawn status Lost status Damaged status Not for loan Permanent Location Current Location Shelving location Date acquired Total Checkouts Full call number Barcode Date last seen Price effective from Koha item type
        School of Civil and Environmental Engineering (SCEE) School of Civil and Environmental Engineering (SCEE)       628.166 FLI NIT-5096 01/05/2017 01/05/2017 Book
© 2023 Central Library, National University of Sciences and Technology. All Rights Reserved.